most popular candies - Statistics

General Stats
  • This quiz has been taken 28 times
  • The average score is 7 of 25
Answer Stats
Hint Answer % Correct
4. Snickers
77%
18. Kit Kat
65%
1. Skittles
65%
2. Reese's
62%
15. Milky Way
58%
3. M&M's
58%
17. Twix
46%
23. Almond Joy
42%
14. Hershey's
42%
12. Butterfinger
35%
22. 3 Musketeers
27%
5. Starburst
27%
24. Life Savers
15%
16. Swedish Fish
15%
10. Hershey's Kisses
12%
7. Hot Tamales
12%
25. Milk Duds
12%
19. Dubble Bubble
8%
11. Jolly Ranchers
8%
8. Tootsie Pop
8%
20. Blow Pops
4%
6. Candy Corn
4%
21. Lemonheads
4%
9. Sourpatches
4%
13. Taffy
4%
No matching quizzes found
Score Distribution
Percent of People with Each Score
Percentile by Number Answered
Your Score History
You have not taken this quiz